01437nam a22002537a 4500003001700000005001700017008004100034020001800075040000700093041001200100082001800112100002500130245004900155260004200204300002800246365002300274520065800297650004400955700002000999700002201019942001201041999001901053952011101072St Aloysius Coll20260422185301.0260421b |||||||| |||| 00| 0 eng d a9789358381894 cAL aEnglish a630.954bHANA aBasil Hans V9262265 aAgriculture in india past present and future aAstitva PrakashanbChhattisgrahc2025 ax, 178p,bPBc22.7x15cm 2Generald₹352.00 a“Agriculture in India Past Present and Future” provides a detailed exploration of India’s agricultural journey, from ancient irrigation and crop diversification to the Green Revolution. It examines historical farming techniques, the evolution of agricultural policies, and the socio-economic effects on rural and urban populations. The book also addresses current challenges faced by farmers, including climate change and technological advancements. Looking ahead, it discusses future prospects for food security and sustainability, highlighting the role of contemporary technologies in shaping the future of Indian agriculture. About the Author  2Indian SubcontinentaTechnology9262266 aDevi, R9262267 aSona, H C9262268 2ddccBK c241320d241320 00102ddc40708GENaSACPGbSACPGd2026-04-16l0o630.954 HANApPG025255r2026-04-21 17:39:16v352.00yDB